BurZIA = záchranný pás? Jedinečné informace o cenách, nabídce i poptávce najdete v Profitu.

Poľnohospodársky obchod v ČR. Systém BurZIA supluje chýbajúcu agrárnu burzu. Zemědělská informační agentura Praha (ZIA) prináša prehľad informácií o ponuke a dopyte poľnohospodárskeho tovaru. Systém BurZIA umožňuje uzatvárať obchody so vzdialenými partnermi prostredníctvom elektronického systému.

Uložené v:
Podrobná bibliografia
Médium: Kapitola
Jazyk:Czech
Predmet:
Tagy: Pridať tag
Žiadne tagy, Buďte prvý, kto otaguje tento záznam!

MARC

LEADER 00000naa a2200000 4500
001 r013086
005 20221213083034.1
041 0 |a cze 
044 |a CZ 
245 1 0 |a BurZIA = záchranný pás?  |b Jedinečné informace o cenách, nabídce i poptávce najdete v Profitu. 
520 |a Poľnohospodársky obchod v ČR. Systém BurZIA supluje chýbajúcu agrárnu burzu. Zemědělská informační agentura Praha (ZIA) prináša prehľad informácií o ponuke a dopyte poľnohospodárskeho tovaru. Systém BurZIA umožňuje uzatvárať obchody so vzdialenými partnermi prostredníctvom elektronického systému. 
610 2 0 |a BurZIA 
610 2 0 |a výrobky poľnohospodárske 
610 2 0 |a obchod 
610 2 0 |a Čechy 
610 2 0 |a ceny výrobkov poľnohospodárskych 
610 2 0 |a ponuka 
610 2 0 |a dopyt 
610 2 0 |a systémy počítačové